Super Tuesday States - Statistics

General Stats
  • This quiz has been taken 37 times
  • The average score is 11 of 14
Answer Stats
State % Correct
Alabama
97%
California
91%
Texas
91%
Virginia
88%
Arkansas
82%
Colorado
82%
Utah
82%
Tennessee
79%
Massachusetts
76%
Vermont
76%
Maine
73%
Minnesota
73%
Oklahoma
70%
North Carolina
64%
No matching quizzes found
Score Distribution
Percent of People with Each Score
Percentile by Number Answered
Your Score History
You have not taken this quiz